| 000 | 00378nam a22001337a 4500 | ||
|---|---|---|---|
| 082 |
_a621.69 _bJAI _cL-23, P-67 |
||
| 100 |
_aJain, V.K _941913 |
||
| 245 |
_aPump, Theory and practice _cStepanoff, A. J. |
||
| 260 |
_aNew Delhi _bGalgotia booksource _c1987 |
||
| 300 |
_a586 p. _bill. _c28 cm. |
||
| 526 |
_a0 _b0 _c0 _d621_690000000000000_JAI |
||
| 650 |
_aMCE _9379 |
||
| 942 |
_2ddc _cBK |
||
| 999 |
_c545936 _d545936 |
||